| 000 | 01509nam a22002897a 4500 | ||
|---|---|---|---|
| 003 | NALT | ||
| 005 | 20240305160719.0 | ||
| 008 | s2559 th tha d | ||
| 020 | _a9786167885346 | ||
| 040 | _aNALT | ||
| 041 | 1 |
_atha _heng |
|
| 050 |
_aJC 571 _bค943ส 2559 |
||
| 100 | 1 |
_aแคลปแฮม, แอนดรูว์ _950930 |
|
| 245 | 1 | 0 |
_aสิทธิมนุษยชน : ความรู้ฉบับพกพา = _bHuman rights : a very short introduction / _cAndrew Clapham ; ฐิติรัตน์ ทิพย์สัมฤทธิ์กุล และสุนีย์ สกาวรัตน์, แปล. |
| 246 | 3 | 1 |
_aHuman rights : _ba very short introduction. |
| 260 |
_aกรุงเทพฯ : _bโอเพ่นเวิลด์ส พับลิชชิ่ง เฮาส์, _c2559. |
||
| 300 |
_a317 หน้า : _bภาพประกอบ ; _c18.5 ซม. |
||
| 650 | 4 |
_aเสรีภาพ _913046 |
|
| 650 | 4 |
_aความเสมอภาค _912641 |
|
| 650 | 0 |
_aสิทธิมนุษยชน _92032 |
|
| 700 | 1 |
_928907 _aClapham, Andrew |
|
| 700 | 0 |
_aฐิติรัตน์ ทิพย์สัมฤทธิ์กุล _950931 |
|
| 700 | 0 |
_937885 _aสุนีย์ สกาวรัตน์ |
|
| 850 | _aNALT | ||
| 942 |
_cGB _2lcc |
||
| 998 |
_bปรียานุช คลอวุฒิวัฒน์ _bphon _j8 _k บัณฑิต อุทาวงค์ |
||
| 999 |
_c77355 _d77355 |
||